Airlines that serve Shenzhen Bao'an (SZX) - Statistics

General Stats
  • This quiz has been taken 14 times
  • The average score is 18 of 46
Answer Stats
Airline % Correct
Air China
88%
China Airlines
88%
China Southern Airlines
88%
Singapore Airlines
88%
XiamenAir
88%
China Eastern Airlines
75%
Emirates
75%
Korean Air
75%
Shenzhen Airlines
75%
Tianjin Airlines
75%
AirAsia
63%
All Nippon Airways
63%
Asiana Airlines
63%
Beijing Capital Airlines
63%
Shandong Airlines
63%
Shanghai Airlines
63%
Sichuan Airlines
63%
Thai AirAsia
63%
Hainan Airlines
50%
Juneyao Air
50%
Chengdu Airlines
38%
Loong Air
38%
Tibet Airlines
38%
Cambodia Airways
25%
China United Airlines
25%
Chongqing Airlines
25%
Donghai Airlines
25%
Kunming Airlines
25%
Lucky Air
25%
Spring Airlines
25%
Air Cambodia
13%
Air Travel
13%
Colorful Guizhou Airlines
13%
Hebei Airlines
13%
Jiangxi Air
13%
Mahan Air
13%
Maldivian
13%
Ruili Airlines
13%
Uni Air
13%
West Air
13%
LJ Air
0%
Okay Airways
0%
Sky Shuttle
0%
Suparna Airlines
0%
Thai Lion Air
0%
TransNusa
0%
No matching quizzes found
Score Distribution
Percent of People with Each Score
Percentile by Number Answered
Your Score History
You have not taken this quiz